<?xml version="1.0" encoding="UTF-8"?>
<record
    xmlns:xsi="http://www.w3.org/2001/XMLSchema-instance"
    xsi:schemaLocation="http://www.loc.gov/MARC21/slim http://www.loc.gov/standards/marcxml/schema/MARC21slim.xsd"
    xmlns="http://www.loc.gov/MARC21/slim">

  <leader>00844nas a2200229 a 4500</leader>
  <controlfield tag="003">CDMR</controlfield>
  <controlfield tag="005">20151130101625.0</controlfield>
  <controlfield tag="008">131217d19982007sp mr||| |||| 00| 0 spa d</controlfield>
  <datafield tag="022" ind1=" " ind2=" ">
    <subfield code="a">1697-4026</subfield>
  </datafield>
  <datafield tag="040" ind1=" " ind2=" ">
    <subfield code="a">CDMR</subfield>
    <subfield code="b">cat</subfield>
    <subfield code="c">CDMR</subfield>
  </datafield>
  <datafield tag="245" ind1="0" ind2="0">
    <subfield code="a">Carta de ajuste</subfield>
    <subfield code="b">: bolet&#xED;n mensual de la Academia de las Ciencias y las Artes de Televisi&#xF3;n de Espa&#xF1;a</subfield>
  </datafield>
  <datafield tag="260" ind1=" " ind2=" ">
    <subfield code="a">Madrid</subfield>
    <subfield code="b">Atv</subfield>
    <subfield code="c">1998-2007</subfield>
  </datafield>
  <datafield tag="300" ind1=" " ind2=" ">
    <subfield code="a">v.</subfield>
    <subfield code="b">il.</subfield>
  </datafield>
  <datafield tag="310" ind1=" " ind2=" ">
    <subfield code="a">Mensual</subfield>
  </datafield>
  <datafield tag="362" ind1=" " ind2=" ">
    <subfield code="a">A&#xF1;o 1, n&#xFA;m. 1 (abril 1998) - A&#xF1;o 9, n&#xFA;m. 96 (feb. 2007)</subfield>
  </datafield>
  <datafield tag="500" ind1=" " ind2=" ">
    <subfield code="a">Continuada per: Academiatv, la revista de la Academia de las Ciencias y las Artes de Televisi&#xF3;n</subfield>
  </datafield>
  <datafield tag="650" ind1="0" ind2="4">
    <subfield code="9">1780</subfield>
    <subfield code="a">Televisi&#xF3;</subfield>
    <subfield code="z">Espanya</subfield>
    <subfield code="v">Revistes</subfield>
  </datafield>
  <datafield tag="650" ind1="0" ind2="4">
    <subfield code="9">4580</subfield>
    <subfield code="a">Butlletins d'informaci&#xF3;</subfield>
  </datafield>
  <datafield tag="710" ind1="2" ind2=" ">
    <subfield code="9">3115</subfield>
    <subfield code="a">Academia de las Ciencias y las Artes de Televisi&#xF3;n</subfield>
  </datafield>
  <datafield tag="785" ind1="0" ind2="0">
    <subfield code="a">Academia TV</subfield>
    <subfield code="x">1697-4026</subfield>
  </datafield>
  <datafield tag="942" ind1=" " ind2=" ">
    <subfield code="c">SER</subfield>
    <subfield code="2">udc</subfield>
  </datafield>
  <datafield tag="999" ind1=" " ind2=" ">
    <subfield code="c">3952</subfield>
    <subfield code="d">3952</subfield>
  </datafield>
  <datafield tag="952" ind1=" " ind2=" ">
    <subfield code="0">0</subfield>
    <subfield code="1">0</subfield>
    <subfield code="4">0</subfield>
    <subfield code="7">0</subfield>
    <subfield code="a">CDMR</subfield>
    <subfield code="b">CDMR</subfield>
    <subfield code="d">2013-12-17</subfield>
    <subfield code="h">N&#xFA;m. 53 (2003) - n&#xFA;m. 95 (2006)</subfield>
    <subfield code="l">0</subfield>
    <subfield code="r">2013-12-17</subfield>
    <subfield code="w">2013-12-17</subfield>
    <subfield code="y">SER</subfield>
  </datafield>
</record>
